000
00347 a2200157 4500
001
154031
040
_c
Escola São Tomás de Aquino
100
_a
STRECK, Danilo R.
240
1
0
_a
Correntes Pedagógicas
_l
por
245
1
0
_a
Correntes Pedagógicas
300
_a
167
362
0
_a
2005
440
1
_a
Vozes
697
_a
Educação
942
_c
BK
999
_c
154031
_d
154031